Statistics for Find your way quiz - 3

Click here to take the quiz!

General Stats

  • This quiz has been taken 30 times
  • The average score is 15 of 20

Answer Stats

HintAnswer% Correct
1) Capital city of Bangladesh?Dhaka
91%
6) What sea does answer 5 have as its eastern border?Caspian Sea
87%
4) Which country is answer 3 part of?Australia
83%
15) What ocean can be found to the East of answer 14 ?Indian
78%
9) The fifth astrological sign can be found in answer 8, what is it?Leo
78%
10) Answer 9 is Latin for which animal?Lion
78%
2) Which element has the 4th letter of answer 1 as its symbol?Potassium
78%
3) The first 3 letters of which island are the 3rd, 4th and 5th letters of answer 2?Tasmania
78%
5) Which country starting with the last letter of answer 4 has borders with Russia and Iran?Azerbaijan
74%
8) Who is said to have commited suicide utilising answer 7?Cleopatra
74%
17) letters 3,4,5,6,and 7 of answer 16 spell what girls name?Diana
74%
16) The first 4 letters of Answer 15 + 500 is a motor-race in which City?Indianapolis
74%
12) A famous novel by Austen is "answer 11 and ? "Prejudice
74%
13) Which African Capital City starts with the first 3 letters of answer 12?Pretoria
74%
11) A group of answer 10s is known as a ?Pride
74%
14) Answer 13 is a Capital of which country?South Africa
74%
20) What is the Official Language of answer 19 ?Arabic
70%
19) Which country can be found within answer 18 ?Oman
70%
18) Of which Ancient Mythology was answer 17 the goddess of the hunt, the moon and animals ?Roman
70%
7) What snake can be found lying in aswer 6?Asp
65%

Score Distribution

Percentile by Number Answered

Percent of People with Each Score

Your Score History

You have not taken this quiz